000
00249nam a22001217a 4500
040
_c
SK
082
_a
910
100
_a
WORLD BANK
245
_a
Cambodia socio economic survey 1999
260
_a
Phnom Penh
_b
WB
_c
1999
300
_a
144p.
942
_c
KB
999
_c
9584
_d
9584